000 01961nam0a2200373 i 4500
001 RU\NLR\BIBL_A\010865999
005 20241105193840.0
010 _a9785978603408
_91000
021 _aRU
_b2015-73711
_94437
035 _a(NILC)RuMoRGB-008026858
035 _a(NLR Aleph) 010865999
090 _a10444697
_c10444697
100 _a20151022d2014 um y0rusy50 ca
101 0 _arus
102 _aRU
105 _aahb|z|||000yy
200 1 _aМузей "Третье ратное поле России"
_eпутеводитель
_fФедеральное гос. бюджетное учреждение культуры "Гос. военно-исторический музей-заповедник "Прохоровское поле"
_g[Н. И. Овчарова, О. С. Мишкина]
210 _aБелгород
_cКонстанта
_d2014
215 _a99 с.
_cил., цв. ил., факс., карт.
_d30
300 _aЗагл. обл.: Третье ратное поле России
512 1 _aТретье ратное поле России
601 0 2 _a"Прохоровское поле", государственный военно-исторический музей-заповедник
_cПрохоровка, поселок; Белгородская область
_jПутеводители
_92318061
_3RU\NLR\AUTH\661386931
610 0 _aмузей -заповедник "Прохоровское поле"
675 _a355/359
686 1 _aЦ35(2)722.321л61
702 1 _aОвчарова
_bН. И.
_gНаталья Ивановна
_4220
710 0 2 _a"Третье ратное поле России", музей
_cпос. Прохоровка, Белгородская обл.
_9488848
_3RU\NLR\AUTH\880411671
801 0 _aRU
_bРГБ
_c20150923
_gRCR
801 2 _aRU
_bРГБ
_c20151005
_grcr
801 1 _aRU
_bРГБ
_c20150923
_2rusmarc
942 _cBOOK
980 _aNBR